Consideraciones generales sobre la primera etapa de la reforma agraria de El Salvador

Guardado en:
书目详细资料
企业作者: Colegio de Profesionales en Ciencias Económicas de El Salvador
格式: Texto
出版: Tegucigalpa
标签: 添加标签
没有标签, 成为第一个标记此记录!

MARC

LEADER 00000 a a2200000 04500
001 20916
003
040
090 |a 089600  
110 |a Colegio de Profesionales en Ciencias Económicas de El Salvador  
245 |a Consideraciones generales sobre la primera etapa de la reforma agraria de El Salvador  
260 |a Tegucigalpa  
300 |a 5 p.  
999 |c 6224  |d 6224